00409nam a22001457a 450000500170000000800410001702000180005804100120007608200140008810000220010224500420012426000420016630000310020865000240023920231024125806.0231024b |||||||| |||| 00| 0 eng d a9780307390837 aEnglish a347.1 BRE aBreyer SlEnglish aMaking our Democracy Work /cS Breyer aUnited States :bVintage Books,c2011 bxiv, 270 pages ;c21,2 cm. aLegal PracticebLaw